Tunisia National Football Team - Statistics

General Stats
  • This quiz has been taken 22 times
  • The average score is 5 of 19
Answer Stats
Goals Caps Player % Correct
25 74 Wahbi Khazri
94%
23 104 Youssef Msakni
61%
36 84 Issam Jemâa
44%
3 95 Ali Maâloul
33%
9 102 Ferjani Sassi
33%
22 41 Francileudo Santos
33%
16 85 Naïm Sliti
28%
7 105 Radhi Jaïdi
28%
6 95 Yassine Meriah
28%
18 57 Faouzi Rouissi
22%
10 96 Khaled Badra
22%
20 80 Adel Sellimi
17%
0 97 Chokri El Ouaer
17%
6 95 Kaies Ghodhbane
17%
16 50 Mohamed Akid
17%
4 92 Riadh Bouazizi
17%
5 95 Khaled Ben Yahia
11%
17 86 Mohamed Ali Mahjoubi
11%
17 83 Zoubeir Baya
11%
No matching quizzes found
Score Distribution
Percent of People with Each Score
Percentile by Number Answered
Your Score History
You have not taken this quiz